Tribhuvan University Central Library

Class 9 competitors optional mathematics; practice matericals (Record no. 91413)

MARC details
000 -LEADER
fixed length control field 00729nam a22002537a 4500
008 - FIXED-LENGTH DATA ELEMENTS--GENERAL INFORMATION
fixed length control field 200127b xxu||||| |||| 00| 0 eng d
020 ## - INTERNATIONAL STANDARD BOOK NUMBER
International Standard Book Number 9789937511735
041 ## - LANGUAGE CODE
Language code of text/sound track or separate title Nep.
082 ## - DEWEY DECIMAL CLASSIFICATION NUMBER
Classification number N510/Sh23c
100 ## - MAIN ENTRY--PERSONAL NAME
Personal name Sharma, Lekhnath
9 (RLIN) 13010
245 ## - TITLE STATEMENT
Title Class 9 competitors optional mathematics; practice matericals
260 ## - PUBLICATION, DISTRIBUTION, ETC.
Place of publication, distribution, etc. Kathmandu:
Name of publisher, distributor, etc. Bhundipuran Prakashan,
Date of publication, distribution, etc. 2010.
300 ## - PHYSICAL DESCRIPTION
Extent 212p. ;illus.
650 ## - SUBJECT ADDED ENTRY--TOPICAL TERM
Topical term or geographic name entry element Mathematics
700 ## - ADDED ENTRY--PERSONAL NAME
Personal name Awasthi, Ramash Prasad
700 ## - ADDED ENTRY--PERSONAL NAME
Personal name Timalsena, Thakur
700 ## - ADDED ENTRY--PERSONAL NAME
Personal name Nepal, Binod
700 ## - ADDED ENTRY--PERSONAL NAME
Personal name Chaudhari , K.C.
700 ## - ADDED ENTRY--PERSONAL NAME
Personal name Dinesh.kumar 'Dhatkan'
700 ## - ADDED ENTRY--PERSONAL NAME
Personal name Dangal, Parshu Ram
700 ## - ADDED ENTRY--PERSONAL NAME
Personal name Chand, Harka Bahadur
700 ## - ADDED ENTRY--PERSONAL NAME
Personal name Dahal, Raj Kurmar
942 ## - ADDED ENTRY ELEMENTS (KOHA)
Source of classification or shelving scheme Dewey Decimal Classification
Koha item type ISBN
Holdings
Withdrawn status Lost status Source of classification or shelving scheme Damaged status Not for loan Home library Current library Date acquired Total Checkouts Full call number Barcode Date last seen Price effective from Koha item type
    Dewey Decimal Classification     Tribhuvan University Central Library Tribhuvan University Central Library 01/27/2020   N510/Sh23c IS7996 01/27/2020 01/27/2020 ISBN